[Event "Landesliga Sued 0001"]
[Site "Bayern"]
[Date "2001.01.14"]
[Round "4"]
[White "Klein, Josef Michael"]
[Black "Mohrmann, Horst"]
[Result "1-0"]
[WhiteElo "2065"]
[BlackElo "1830"]
[PlyCount "50"]
[EventDate "2000.10.15"]
[EventType "team-tourn"]
[EventRounds "9"]
[EventCountry "GER"]
[SourceTitle "EXT 2020"]
[Source "ChessBase"]
[SourceDate "2019.10.17"]
[SourceVersion "1"]
[SourceVersionDate "2019.10.17"]
[SourceQuality "1"]
[WhiteTeam "Fuerstenfeldbruck TuS"]
[BlackTeam "Muenchen Suedost"]
[WhiteTeamCountry "GER"]
[BlackTeamCountry "GER"]

1. d4 Nf6 2. c4 c5 3. d5 b5 4. cxb5 a6 5. e3 axb5 6. Bxb5 g6 7. Nc3 Bg7 8. Nf3 0-0 9. 0-0 Ba6 10. a4 d6 11. Ra3 Bxb5 12. Nxb5 Nbd7 13. Re1 Qb6 14. e4 Ng4 15. Nd2 Nde5 16. h3 Nf6 17. f4 Ned7 18. Nc4 Qa6 19. b3 Rfc8 20. e5 dxe5 21. fxe5 Ne8 22. e6 Nf8 23. exf7+ Kxf7 24. d6 Rd8 25. Qf3+ Kg8 1-0